000 00298nam a2200109Ia 4500
008 171205s9999 xx 000 0 und d
020 _a9789715428170
100 _aTeodoro, Luis V.
245 _cLuis V. Teodoro
_aDivide by Two
260 _bUniversity of the Philippines
_c2016
300 _a243 pages
999 _c347364
_d347364